| 000 | 01358cam a2200349 a 4500 | ||
|---|---|---|---|
| 999 |
_c234222 _d234222 |
||
| 001 | 13814182 | ||
| 003 | Nust | ||
| 005 | 20170316112343.0 | ||
| 008 | 041102s2004 ii a b 100 0 eng | ||
| 010 | _a 2004312215 | ||
| 020 | _a81-7754-157-9 | ||
| 035 | _a(DLC) 2004312215 | ||
| 037 |
_bLibrary of Congress -- New Delhi Overseas Office _cRs675.00 |
||
| 040 | _cASAB | ||
| 042 | _alcode | ||
| 043 | _aa-ii--- | ||
| 050 | 0 | 0 |
_aTD248.195.I4 _bN37 2000 |
| 082 | _a660.6 | ||
| 111 | 2 |
_aNational Conference on Recent Trends in Biotechnology _d(2000 : _cDepartment of Biotechnology, Amravati University, Amravati) |
|
| 245 | 1 | 0 |
_aRecent trends in biotechnology / _cby V.S. Hari Kumar |
| 246 | _abiotechnology | ||
| 260 |
_aJodhpur : _bScientific Publishers (India), _cc2004. |
||
| 300 |
_aix, 265 p. : _bill. ; _c24 cm. |
||
| 504 | _aIncludes bibliographical references. | ||
| 520 | _aPapers presented at the Conference. | ||
| 650 | 0 |
_aBiotechnology _zIndia. |
|
| 650 | 0 |
_aBiotechnology industries _zIndia. |
|
| 700 | 1 | _aRai, Mahendra. | |
| 710 | 2 |
_aAmravati University. _bDepartment of Biotechnology. |
|
| 906 |
_a7 _bcbc _corigode _d3 _encip _f20 _gy-gencatlg |
||
| 942 |
_2ddc _cBK |
||